[Event "Aragon-ch"]
[Site "Zaragoza"]
[Date "2012.08.27"]
[Round "3"]
[White "Ramiro Ovejero, Juan Luis"]
[Black "Cantin Zaborras, Valentin"]
[Result "0-1"]
[WhiteElo "2349"]
[BlackElo "2099"]
[PlyCount "62"]
[EventDate "2012.08.25"]
[EventType "swiss"]
[EventRounds "9"]
[EventCountry "ESP"]
[SourceTitle "EXT 2024"]
[Source "ChessBase"]
[SourceDate "2023.10.10"]
[SourceVersion "1"]
[SourceVersionDate "2023.10.10"]
[SourceQuality "1"]

1. e4 e5 2. Nf3 Nc6 3. Bc4 Nf6 4. d3 d5 5. exd5 Nxd5 6. 0-0 Bc5 7. Re1 0-0 8. Nxe5 Qh4 9. Bxd5 Bxf2+ 10. Kh1 Bxe1 11. Nf3 Qh5 12. Bxc6 Bg3 13. Be4 Bxh2 14. Qf1 Bd6+ 15. Kg1 Bg4 16. Be3 c6 17. d4 Rae8 18. Ne5 f6 19. Qc4+ Be6 20. Bf3 Qf5 21. Qd3 fxe5 22. Qxf5 Bxf5 23. Nd2 exd4 24. Bxd4 Bxc2 25. Bxa7 Bf4 26. Nf1 Be4 27. Bg4 Bd5 28. a4 Be5 29. Rd1 Rf4 30. Bd7 Ra8 31. Bf2 Rfxa4 0-1

[Event "Zaragoza op"]
[Site "Zaragoza"]
[Date "2011.08.29"]
[Round "3"]
[White "Cifuentes Parada, Roberto"]
[Black "Cantin Zaborras, Valentin"]
[Result "1-0"]
[WhiteElo "2523"]
[BlackElo "2082"]
[PlyCount "45"]
[EventDate "2011.08.27"]
[EventType "swiss"]
[EventRounds "9"]
[EventCountry "ESP"]
[SourceTitle "CBM 144 Extra"]
[Source "ChessBase"]
[SourceDate "2011.10.28"]
[SourceVersion "1"]
[SourceVersionDate "2011.10.28"]
[SourceQuality "1"]

1. d4 d5 2. c4 c6 3. Nf3 Nf6 4. e3 Bg4 5. Nc3 e6 6. h3 Bxf3 7. Qxf3 Nbd7 8. Bd2 Bb4 9. Bd3 Qe7 10. 0-0-0 0-0-0 11. Kb1 Rhe8 12. a3 Bd6 13. g4 dxc4 14. Bxc4 Nd5 15. e4 N5b6 16. Ba2 e5 17. d5 cxd5 18. Nxd5 Nxd5 19. Bxd5 Nc5 20. Be3 Kb8 21. Qxf7 Qxf7 22. Bxf7 Rf8 23. Rxd6 1-0

[Event "Aragon-chT Preferente"]
[Site "Spain"]
[Date "2010.03.06"]
[Round "7.2"]
[White "Glavina, Pablo"]
[Black "Cantin Zaborras, Valentin"]
[Result "1-0"]
[WhiteElo "2478"]
[BlackElo "2117"]
[PlyCount "51"]
[EventDate "2010.01.23"]
[EventType "team-swiss"]
[EventRounds "12"]
[EventCountry "ESP"]
[SourceTitle "EXT 2013"]
[Source "ChessBase"]
[SourceDate "2012.11.22"]
[SourceVersion "1"]
[SourceVersionDate "2012.11.22"]
[SourceQuality "1"]
[WhiteTeam "St Casablanca"]
[BlackTeam "Ramiro"]
[WhiteTeamCountry "ESP"]
[BlackTeamCountry "ESP"]

1. d4 d5 2. c4 c6 3. cxd5 cxd5 4. Nc3 e5 5. Nf3 e4 6. Ne5 Ne7 7. Bf4 f6 8. Qa4+ Nbc6 9. Nxc6 bxc6 10. e3 Bd7 11. Ba6 Qb6 12. 0-0 Nf5 13. g4 Nh4 14. b4 h5 15. b5 Nf3+ 16. Kg2 g5 17. bxc6 Bxc6 18. Bb5 Bxb5 19. Nxb5 gxf4 20. Nc7+ Kf7 21. Qd7+ Be7 22. Qxd5+ Kg7 23. Ne6+ Kg6 24. Nxf4+ Kg7 25. Qxe4 Nh4+ 26. Kh1 1-0

[Event "Aragon-chT Preferente"]
[Site "Spain"]
[Date "2010.01.30"]
[Round "2.50"]
[White "Cantin Zaborras, Valentin"]
[Black "Azaiez, Fahmi"]
[Result "1-0"]
[WhiteElo "2117"]
[BlackElo "2014"]
[PlyCount "71"]
[EventDate "2010.01.23"]
[EventType "team-swiss"]
[EventRounds "12"]
[EventCountry "ESP"]
[SourceTitle "EXT 2013"]
[Source "ChessBase"]
[SourceDate "2012.11.22"]
[SourceVersion "1"]
[SourceVersionDate "2012.11.22"]
[SourceQuality "1"]
[WhiteTeam "Ramiro"]
[BlackTeam "Delicias II"]
[WhiteTeamCountry "ESP"]
[BlackTeamCountry "ESP"]

1. e4 e6 2. d4 d5 3. Nd2 Nf6 4. e5 Nfd7 5. Bd3 c5 6. c3 Nc6 7. Ne2 cxd4 8. cxd4 f6 9. exf6 Qxf6 10. Nf3 Bd6 11. Bg5 Qf7 12. 0-0 0-0 13. Bh4 h6 14. Bg3 e5 15. dxe5 Ndxe5 16. Nxe5 Nxe5 17. Bc2 Bg4 18. f3 Bd7 19. Bb3 Bc5+ 20. Bf2 Bxf2+ 21. Rxf2 Be6 22. Nd4 Rac8 23. Qe2 Nc6 24. Nxe6 Rce8 25. Qd2 Rxe6 26. Bxd5 Rd8 27. Bxe6 Qxe6 28. Qc3 Nd4 29. Re1 Qb6 30. Qe3 Qf6 31. Rd2 Nc6 32. Rxd8+ Nxd8 33. Qb3+ Nf7 34. Qxb7 Qd4+ 35. Kh1 Qf2 36. Qc8+ 1-0

[Event "Zaragoza Casablanca op 3rd"]
[Site "Zaragoza"]
[Date "2009.12.27"]
[Round "2"]
[White "Cruz, Cristhian"]
[Black "Cantin Zaborras, Valentin"]
[Result "1-0"]
[WhiteElo "2523"]
[BlackElo "2117"]
[PlyCount "59"]
[EventDate "2009.12.26"]
[EventType "swiss"]
[EventRounds "9"]
[EventCountry "ESP"]
[SourceTitle "CBM 134 Extra"]
[Source "ChessBase"]
[SourceDate "2010.03.03"]
[SourceVersion "1"]
[SourceVersionDate "2010.03.03"]
[SourceQuality "1"]

1. d4 d5 2. c4 c6 3. Nf3 Nf6 4. Nc3 dxc4 5. a4 Bf5 6. Ne5 Nbd7 7. Nxc4 Nb6 8. Ne5 a5 9. g3 e6 10. Bg2 Bb4 11. 0-0 0-0 12. e3 Nfd7 13. e4 Bg6 14. Nxg6 hxg6 15. e5 Nd5 16. Nxd5 cxd5 17. h4 Re8 18. h5 gxh5 19. Qxh5 g6 20. Qh3 Qb6 21. Be3 Bf8 22. Bxd5 Qxb2 23. Be4 Rac8 24. Kg2 Bg7 25. Rh1 Nf8 26. Rab1 Qe2 27. Bf3 Qd3 28. Rbd1 Qa3 29. Bh6 f5 30. Bxg7 1-0

[Event "Aragon-chT"]
[Site "Aragon"]
[Date "2009.01.31"]
[Round "2"]
[White "Gimeno Diaz, Fernando"]
[Black "Cantin Zaborras, Valentin"]
[Result "0-1"]
[WhiteElo "1890"]
[BlackElo "2117"]
[PlyCount "84"]
[EventDate "2009.01.24"]
[EventType "team-swiss"]
[EventRounds "9"]
[EventCountry "ESP"]
[SourceTitle "EXT 2011"]
[Source "ChessBase"]
[SourceDate "2010.11.26"]
[SourceVersion "1"]
[SourceVersionDate "2010.11.26"]
[SourceQuality "1"]

1. d4 d5 2. Nf3 Nf6 3. c4 c6 4. Nc3 dxc4 5. a4 Bf5 6. Ne5 Nbd7 7. Nxc4 Nb6 8. e3 e6 9. Qb3 Qc7 10. a5 Nbd5 11. f3 Bg6 12. e4 Nxc3 13. bxc3 Nd7 14. g3 f6 15. Bf4 Qc8 16. Nd6+ Bxd6 17. Bxd6 Kf7 18. Bc4 Re8 19. 0-0 b5 20. axb6 Nxb6 21. Ba6 Qd7 22. Bf4 Kg8 23. Bc4 Bf7 24. e5 f5 25. Rfb1 Qc7 26. Ra6 c5 27. Bb5 Red8 28. Be3 Nd5 29. Bg5 Rdb8 30. Rc6 Qa5 31. Rxc5 a6 32. c4 Nc3 33. Bd8 Ne2+ 34. Kf2 Qxd8 35. Kxe2 axb5 36. Rxb5 Rxb5 37. Qxb5 Qxd4 38. Rb2 Rd8 39. f4 Bh5+ 40. Kf1 Bf3 41. c5 Qe3 42. Rb1 Bg4 0-1

[Event "Aragon-chT"]
[Site "Aragon"]
[Date "2009.01.24"]
[Round "1"]
[White "Fontana Sotomayour, Luis Javier"]
[Black "Cantin Zaborras, Valentin"]
[Result "1-0"]
[WhiteElo "2340"]
[BlackElo "2117"]
[PlyCount "81"]
[EventDate "2009.01.24"]
[EventType "team-swiss"]
[EventRounds "9"]
[EventCountry "ESP"]
[SourceTitle "EXT 2011"]
[Source "ChessBase"]
[SourceDate "2010.11.26"]
[SourceVersion "1"]
[SourceVersionDate "2010.11.26"]
[SourceQuality "1"]

1. e4 c5 2. Nc3 Nc6 3. g3 g6 4. Bg2 Bg7 5. d3 d6 6. Be3 e5 7. Nh3 Nf6 8. f4 Bg4 9. Qd2 Nd4 10. Ng1 Qd7 11. h3 Be6 12. g4 exf4 13. Bxf4 0-0 14. Nf3 Rac8 15. 0-0 b5 16. Nxd4 cxd4 17. Ne2 h5 18. Nxd4 hxg4 19. Bh6 gxh3 20. Bf3 Bg4 21. Bxg7 Kxg7 22. Qg5 h2+ 23. Kh1 Bh3 24. Rf2 Rc5 25. Qxf6+ Kxf6 26. Bg4+ Rf5 27. Bxh3 Qb7 28. Bxf5 gxf5 29. Nxf5 Ke6 30. Rxh2 d5 31. Rh6+ f6 32. Nd4+ Kd6 33. Re1 Ke5 34. Rh5+ Kf4 35. exd5 Kg4 36. Rh2 Qxd5+ 37. Rg2+ Kh3 38. Re3+ Kh4 39. Re4+ Kh3 40. Nf3 Rh8 41. Ng1# 1-0

[Event "Aragon-chT"]
[Site "Aragon"]
[Date "2008.02.09"]
[Round "2"]
[White "Cantin Zaborras, Valentin"]
[Black "Gavin Roche, Enrique"]
[Result "1-0"]
[WhiteElo "2141"]
[BlackElo "2278"]
[PlyCount "67"]
[EventDate "2008.02.02"]
[EventType "team-swiss"]
[EventRounds "12"]
[EventCountry "ESP"]
[SourceTitle "EXT 2011"]
[Source "ChessBase"]
[SourceDate "2010.11.26"]
[SourceVersion "1"]
[SourceVersionDate "2010.11.26"]
[SourceQuality "1"]

1. e4 d6 2. d4 Nf6 3. Nc3 e5 4. Nge2 Be7 5. f3 0-0 6. Be3 c6 7. Qd2 b5 8. d5 b4 9. Nd1 cxd5 10. exd5 Nbd7 11. c4 bxc3 12. Nexc3 Nb6 13. Bf2 Bb7 14. Ne3 Rc8 15. Be2 Nh5 16. 0-0 Nf4 17. Rfd1 f5 18. Bf1 Kh8 19. a4 a5 20. Rab1 Qe8 21. b4 Rxc3 22. bxa5 Qa8 23. Qxc3 Nbxd5 24. Qb3 Nxe3 25. Bxe3 Bd5 26. Qb6 Ba2 27. Rb2 Nd5 28. Qa7 Nxe3 29. Qxe3 Be6 30. Qb6 Rd8 31. a6 Bd7 32. a7 h6 33. Qb7 d5 34. Qxa8 1-0

[Event "Aragon-chT Autonomico"]
[Site "Aragon"]
[Date "2007.03.17"]
[Round "8"]
[White "Hernandez Delgado, Gabriel"]
[Black "Cantin Zaborras, Valentin"]
[Result "0-1"]
[WhiteElo "2049"]
[BlackElo "2125"]
[PlyCount "100"]
[EventDate "2007.01.27"]
[EventType "team-tourn"]
[EventRounds "9"]
[EventCountry "ESP"]
[SourceTitle "EXT 2008"]
[Source "ChessBase"]
[SourceDate "2007.11.25"]
[SourceVersion "1"]
[SourceVersionDate "2007.11.25"]
[SourceQuality "1"]
[WhiteTeam "CAI Olivar III"]
[BlackTeam "Ramiro"]
[WhiteTeamCountry "ESP"]
[BlackTeamCountry "ESP"]

1. Nf3 d5 2. d4 Nf6 3. e3 Bf5 4. c4 c6 5. Qb3 Qb6 6. Nc3 e6 7. Be2 Na6 8. Qxb6 axb6 9. a3 Nb4 10. 0-0 Nd3 11. Nh4 Nxc1 12. Rfxc1 Bg6 13. cxd5 exd5 14. Nxg6 hxg6 15. Bf3 Bd6 16. g3 Kd7 17. b4 Ra7 18. Rcb1 Rha8 19. Rb3 b5 20. Nb1 Ra4 21. Nc3 Rxb4 22. axb4 Rxa1+ 23. Kg2 Ke6 24. h3 Rc1 25. Na2 Rc2 26. Nc3 Bxb4 27. Nxd5 Nxd5 28. Bxd5+ Kxd5 29. Rxb4 Ra2 30. Kf3 f5 31. g4 Ra4 32. Rb2 Kc4 33. gxf5 gxf5 34. Kf4 b4 35. Kxf5 b3 36. f4 Kc3 37. Rb1 b2 38. Kg6 Kc2 39. Rxb2+ Kxb2 40. Kxg7 b5 41. f5 b4 42. f6 b3 43. f7 Ra8 44. f8Q Rxf8 45. Kxf8 Kc3 46. h4 b2 47. h5 b1Q 48. Kg7 Kd3 49. h6 Kxe3 50. h7 Qxh7+ 0-1

[Event "Aragon-chT Autonomico"]
[Site "Aragon"]
[Date "2007.02.10"]
[Round "3"]
[White "Bayod Rubia, Angel"]
[Black "Cantin Zaborras, Valentin"]
[Result "0-1"]
[WhiteElo "2080"]
[BlackElo "2125"]
[PlyCount "114"]
[EventDate "2007.01.27"]
[EventType "team-tourn"]
[EventRounds "9"]
[EventCountry "ESP"]
[SourceTitle "EXT 2008"]
[Source "ChessBase"]
[SourceDate "2007.11.25"]
[SourceVersion "1"]
[SourceVersionDate "2007.11.25"]
[SourceQuality "1"]
[WhiteTeam "CAI Olivar IV"]
[BlackTeam "Ramiro"]
[WhiteTeamCountry "ESP"]
[BlackTeamCountry "ESP"]

1. e4 c5 2. d4 cxd4 3. c3 Nf6 4. e5 Nd5 5. Qxd4 e6 6. Nf3 Nc6 7. Qe4 d6 8. Bc4 Be7 9. 0-0 Nb6 10. Bb5 Qc7 11. Bf4 d5 12. Qe2 Bd7 13. Bd3 h6 14. Bg3 g5 15. Nd4 Nxd4 16. cxd4 h5 17. f3 h4 18. Bf2 0-0-0 19. Nc3 Kb8 20. Rfc1 Rc8 21. a4 Nxa4 22. Be3 Nxc3 23. bxc3 h3 24. g3 f5 25. Qa2 b6 26. Ba6 f4 27. Bxc8 Bxc8 28. Bf2 fxg3 29. Bxg3 Rf8 30. Qe2 Bb7 31. Qe3 Bd8 32. Ra2 Qf7 33. Rf2 Qf5 34. Qe2 Qg6 35. Ra1 Rf5 36. Qf1 Qh7 37. Raa2 Rf7 38. Qb5 Rc7 39. Rac2 Bc6 40. Qe2 Ba4 41. Rc1 Bb3 42. f4 Kb7 43. Qg4 gxf4 44. Qxf4 a5 45. Qg4 Re7 46. Rf8 Bc7 47. Rf3 a4 48. Rf6 Qe4 49. Qxe4 dxe4 50. Ra1 b5 51. Rh6 Ba5 52. Be1 Rg7+ 53. Kh1 e3 54. Bg3 Bxc3 55. Rb1 Bxd4 56. Rxh3 Bd5+ 57. Kg1 e2# 0-1

[Event "Aragon-chT Autonomico"]
[Site "Aragon"]
[Date "2007.01.27"]
[Round "1"]
[White "Cantin Zaborras, Valentin"]
[Black "Ramiro Ovejero, Juan Luis"]
[Result "1/2-1/2"]
[WhiteElo "2125"]
[BlackElo "2299"]
[PlyCount "51"]
[EventDate "2007.01.27"]
[EventType "team-tourn"]
[EventRounds "9"]
[EventCountry "ESP"]
[SourceTitle "EXT 2008"]
[Source "ChessBase"]
[SourceDate "2007.11.25"]
[SourceVersion "1"]
[SourceVersionDate "2007.11.25"]
[SourceQuality "1"]
[WhiteTeam "Ramiro"]
[BlackTeam "Caissa"]
[WhiteTeamCountry "ESP"]
[BlackTeamCountry "ESP"]

1. e4 d5 2. exd5 Qxd5 3. Nc3 Qa5 4. Bc4 Nf6 5. d3 c6 6. Qe2 g6 7. Nf3 Bg7 8. Bd2 Qc7 9. Ne5 0-0 10. h4 Nbd7 11. Nxd7 Bxd7 12. 0-0-0 b5 13. Bb3 c5 14. h5 a5 15. Nd5 Nxd5 16. Bxd5 Rae8 17. hxg6 hxg6 18. Qe4 e6 19. Qh4 f5 20. Bc3 Kf7 21. Qh7 Rg8 22. Rh6 Qf4+ 23. Bd2 Qe5 24. Bc3 Qf4+ 25. Bd2 Qe5 26. Bc3 1/2-1/2

[Event "Autonomico-chT"]
[Site "Aragon"]
[Date "2005.04.02"]
[Round "9.29"]
[White "Cantin Zaborras, Valentin"]
[Black "Solano Lasierra, Javier"]
[Result "1/2-1/2"]
[WhiteElo "2177"]
[BlackElo "2122"]
[PlyCount "32"]
[EventDate "2005.01.22"]
[EventType "team-tourn"]
[EventRounds "12"]
[EventCountry "ESP"]
[SourceTitle "EXT 2006"]
[Source "ChessBase"]
[SourceDate "2005.11.24"]
[SourceVersion "1"]
[SourceVersionDate "2005.11.24"]
[SourceQuality "1"]

1. e4 e5 2. Nf3 Nf6 3. Nxe5 d6 4. Nf3 Nxe4 5. Nc3 Nxc3 6. dxc3 Be7 7. Be3 0-0 8. Qd2 Nd7 9. 0-0-0 Nc5 10. h4 Bg4 11. Be2 Re8 12. Bxc5 dxc5 13. Qf4 Bd6 14. Qxg4 Rxe2 15. Ng5 Qe7 16. f3 Qe5 1/2-1/2

[Event "Autonomico-chT"]
[Site "Aragon"]
[Date "2005.03.05"]
[Round "6.37"]
[White "Fabre Perez, Jose Maria"]
[Black "Cantin Zaborras, Valentin"]
[Result "1-0"]
[WhiteElo "2109"]
[BlackElo "2177"]
[PlyCount "89"]
[EventDate "2005.01.22"]
[EventType "team-tourn"]
[EventRounds "12"]
[EventCountry "ESP"]
[SourceTitle "EXT 2006"]
[Source "ChessBase"]
[SourceDate "2005.11.24"]
[SourceVersion "1"]
[SourceVersionDate "2005.11.24"]
[SourceQuality "1"]

1. e4 c5 2. c3 Nf6 3. e5 Nd5 4. d4 cxd4 5. Nf3 e6 6. cxd4 d6 7. Nc3 Nxc3 8. bxc3 Qc7 9. Bd2 Nd7 10. exd6 Bxd6 11. Bd3 b6 12. Qe2 h6 13. 0-0 Bb7 14. Rae1 0-0 15. Ne5 Bxe5 16. dxe5 Rfd8 17. f4 Nc5 18. Bb1 Ba6 19. c4 Bxc4 20. Qxc4 Rxd2 21. f5 Rad8 22. f6 Qd7 23. Re3 Qd4 24. Qxd4 R8xd4 25. Rg3 g5 26. Re1 Rb2 27. Rh3 Rdd2 28. Rxh6 Rxg2+ 29. Kh1 Rgd2 30. Rg1 Rxb1 31. Rxb1 Rd5 32. Rh5 Rxe5 33. Rd1 Rd5 34. Rxd5 exd5 35. Rxg5+ Kh7 36. Kg2 Ne4 37. Rg7+ Kh6 38. Rxf7 Kg6 39. Rxa7 Kxf6 40. Ra6 d4 41. Rxb6+ Ke5 42. Kf3 Nc3 43. Ra6 d3 44. Ke3 Nd5+ 45. Kd2 1-0

[Event "Autonomico-chT"]
[Site "Aragon"]
[Date "2005.01.22"]
[Round "1.5"]
[White "Cantin Zaborras, Valentin"]
[Black "Garza Marco, Sergio"]
[Result "0-1"]
[WhiteElo "2177"]
[BlackElo "2378"]
[PlyCount "100"]
[EventDate "2005.01.22"]
[EventType "team-tourn"]
[EventRounds "12"]
[EventCountry "ESP"]
[SourceTitle "EXT 2006"]
[Source "ChessBase"]
[SourceDate "2005.11.24"]
[SourceVersion "1"]
[SourceVersionDate "2005.11.24"]
[SourceQuality "1"]

1. e4 g6 2. d4 Bg7 3. Nc3 c6 4. Nf3 d5 5. h3 Nh6 6. Be2 f6 7. 0-0 Nf7 8. Re1 0-0 9. Bf1 e6 10. a4 Re8 11. a5 Na6 12. Bxa6 bxa6 13. Na4 Qxa5 14. Ra3 Qd8 15. Nc5 e5 16. c3 Bf8 17. b4 Nd6 18. dxe5 Nb5 19. exf6 Bxc5 20. bxc5 Nxa3 21. e5 Nc4 22. Qd4 Rb8 23. Bh6 Rb7 24. Ng5 Be6 25. Qh4 Qb8 26. f7+ Bxf7 27. Nxh7 Be6 28. Nf6+ Kf7 29. Nxe8 Qxe8 30. Qf6+ Kg8 31. Kh2 Rh7 32. Bg5 Qf7 33. Qd8+ Qf8 34. Rb1 Qxd8 35. Bxd8 Nxe5 36. Re1 Rxh3+ 37. Kg1 Rxc3 38. Rxe5 Kf7 39. Re3 Rxc5 40. Ra3 Bc8 41. Rf3+ Ke8 42. Bc7 Bf5 43. Ra3 Kd7 44. Bb8 a5 45. Bxa7 Rb5 46. f3 c5 47. g4 Be6 48. Kf2 d4 49. Kg3 Kc6 50. Rd3 Rb7 0-1

[Event "Aragon-chT"]
[Site "Spain"]
[Date "2004.01.31"]
[Round "1"]
[White "Baron Rodriguez, Jesus"]
[Black "Cantin Zaborras, Valentin"]
[Result "1-0"]
[WhiteElo "2421"]
[BlackElo "2180"]
[PlyCount "55"]
[EventDate "2004.01.??"]
[EventType "team-tourn"]
[EventRounds "11"]
[EventCountry "ESP"]
[SourceTitle "EXT 2006"]
[Source "ChessBase"]
[SourceDate "2005.11.24"]
[SourceVersion "1"]
[SourceVersionDate "2005.11.24"]
[SourceQuality "1"]

1. e4 c5 2. Nc3 e6 3. Nf3 Nc6 4. d4 cxd4 5. Nxd4 Nf6 6. Nxc6 bxc6 7. e5 Nd5 8. Ne4 Qc7 9. f4 Qb6 10. c4 Ne3 11. Qd3 Nxf1 12. Rxf1 Ba6 13. b3 0-0-0 14. Be3 Qa5+ 15. Kf2 d5 16. exd6 f5 17. Ng5 Bxd6 18. Qe2 e5 19. Nf7 exf4 20. Nxd6+ Rxd6 21. Bxf4 Qc5+ 22. Kf3 Rg6 23. Rad1 Bb7 24. Rfe1 Ba8 25. Qe8+ Rxe8 26. Rxe8+ Kb7 27. Rd7+ Ka6 28. Be3 1-0

[Event "Aragon-chT"]
[Site "Aragon"]
[Date "2003.03.08"]
[Round "7"]
[White "Garcia Mendez, Beatriz"]
[Black "Cantin Zaborras, Valentin"]
[Result "0-1"]
[WhiteElo "1920"]
[BlackElo "2208"]
[PlyCount "138"]
[EventDate "2003.02.??"]
[EventType "team"]
[EventRounds "9"]
[EventCountry "ESP"]
[SourceTitle "EXT 2004"]
[Source "ChessBase"]
[SourceDate "2003.11.25"]
[SourceVersion "1"]
[SourceVersionDate "2003.11.25"]
[SourceQuality "1"]

1. e4 c5 2. d4 cxd4 3. c3 Nf6 4. e5 Nd5 5. cxd4 e6 6. Nf3 Nc6 7. Be2 d6 8. 0-0 Qc7 9. Re1 Be7 10. Bc4 Nb6 11. Bb3 0-0 12. Nc3 a6 13. Bf4 dxe5 14. dxe5 Rd8 15. Qe2 Nd4 16. Nxd4 Rxd4 17. Bg3 Bd7 18. Red1 Rxd1+ 19. Rxd1 Rd8 20. Ne4 Bb5 21. Rxd8+ Bxd8 22. Qd1 Nc4 23. Nf6+ Kh8 24. Bxc4 Bxc4 25. Ne8 Qe7 26. Nd6 Bd5 27. Qa4 Bc6 28. Qf4 Be8 29. h3 Kg8 30. Qg4 b5 31. Bf4 Kf8 32. Be3 Qc7 33. Nxe8 Qxe5 34. Nxg7 Qxg7 35. Bc5+ Kg8 36. Qd1 Qg5 37. Qd6 Kg7 38. Qf8+ Kg6 39. Qg8+ Kf5 40. Qxf7+ Bf6 41. Qxh7+ Ke5 42. Qc7+ Kf5 43. Be3 Qh4 44. Qc2+ Qe4 45. Qxe4+ Kxe4 46. g3 Bxb2 47. Kg2 b4 48. Bb6 Kd3 49. Kf3 Kc2 50. Ba5 Bc3 51. h4 Kb2 52. Bxb4 Bxb4 53. h5 Kxa2 54. h6 a5 55. g4 Bf8 56. g5 a4 57. Ke4 a3 58. Ke5 Kb1 59. Kxe6 a2 60. Kf7 Bxh6 61. gxh6 a1Q 62. h7 Qa7+ 63. Kg8 Qb8+ 64. Kg7 Qe5+ 65. Kg8 Qg5+ 66. Kf8 Qf6+ 67. Kg8 Qg6+ 68. Kh8 Qf7 69. f4 Qf8# 0-1

[Event "Aragon-ch Absoluto"]
[Site "Zaragoza"]
[Date "2001.??.??"]
[Round "9"]
[White "Cantin Zaborras, Valentin"]
[Black "Veras Sanz, Marino"]
[Result "1-0"]
[WhiteElo "2177"]
[BlackElo "2199"]
[PlyCount "65"]
[EventDate "2001.10.20"]
[EventType "swiss"]
[EventRounds "9"]
[EventCountry "ESP"]
[SourceTitle "EXT 2003"]
[Source "ChessBase"]
[SourceDate "2002.11.25"]
[SourceVersion "1"]
[SourceVersionDate "2002.11.25"]
[SourceQuality "1"]

1. e4 c5 2. Nf3 d6 3. d4 cxd4 4. Nxd4 Nf6 5. Nc3 g6 6. Be3 Bg7 7. f3 0-0 8. Qd2 Nc6 9. Bc4 Nd7 10. 0-0-0 Nb6 11. Bb3 Na5 12. Qd3 Bd7 13. h4 Rc8 14. h5 Nbc4 15. hxg6 hxg6 16. Bh6 Bxh6+ 17. Rxh6 e5 18. Rdh1 Qg5+ 19. f4 Qxf4+ 20. Kb1 Be6 21. Nxe6 fxe6 22. Rxg6+ Kf7 23. Rgh6 Ke7 24. a3 Nd2+ 25. Ka2 Ndxb3 26. cxb3 Nc6 27. Nb5 Rcd8 28. Qc4 Qg4 29. Rh7+ Rf7 30. Rxf7+ Kxf7 31. Nxa7 d5 32. Nxc6 dxc4 33. Nxe5+ 1-0

[Event "San Jose op"]
[Site "San Jose"]
[Date "1998.??.??"]
[Round "7"]
[White "Cantin Zaborras, Valentin"]
[Black "Colas Longares, Rafael P"]
[Result "0-1"]
[WhiteElo "2240"]
[BlackElo "2370"]
[PlyCount "42"]
[EventDate "1998.??.??"]
[EventType "swiss"]
[EventRounds "9"]
[EventCountry "ESP"]
[SourceTitle "EXT 2000"]
[Source "ChessBase"]
[SourceDate "1999.11.16"]
[SourceVersion "1"]
[SourceVersionDate "1999.11.16"]
[SourceQuality "1"]

1. e4 e5 2. Nf3 Nc6 3. Bb5 d6 4. d4 Bd7 5. 0-0 exd4 6. Nxd4 g6 7. Be3 Bg7 8. Nc3 Nf6 9. h3 0-0 10. Bxc6 bxc6 11. f4 Nxe4 12. Qf3 Nxc3 13. bxc3 c5 14. Nb3 Re8 15. Rad1 Bf5 16. Bxc5 Bxc2 17. Rd2 Be4 18. Qg3 Bf6 19. Bd4 Bh4 20. Qg4 h5 21. Qd1 Bg3 0-1